Les talents de chaque pokémon de la 1G (facile) - Statistiques

Statistiques générales
  • Ce quiz a été pris 14 fois
  • Le résultat moyen est 150 sur 395
Statistiques - réponses
Hint Réponse % Correct
Dracaufeu | Reptincel | Salamèche Brasier
89%
Abo | Arbok | Arcanin | +3 others Intimidation
89%
Carabaffe | Carapuce | Tortank Torrent
89%
Aquali | Lokhlass | Ptitard | +2 others Absorb-Eau
78%
Bulbizarre | Florizarre | Herbizarre Engrais
78%
Fantominus | Smogo | Smogogo | Spectrum Lévitation
78%
Electhor | Electrode | Elektek | +3 others Statik
78%
Arcanin | Caninos | Feunard | +4 others Torche
78%
Scarabrute Brise Moule
67%
Boustiflor | Bulbizarre | Chétiflor | +9 others Chlorophylle
67%
Ossatueur | Osselait | Pikachu | +5 others Paratonnerre
67%
Hypocéan | Nidoking | Nidoqueen | +4 others Point Poison
67%
Evoli Adaptabilité
56%
Amonistar | Amonita | Crustabri | +4 others Coque-Armure
56%
Ectoplasma Corps Maudit
56%
Machoc | Machopeur | Mackogneur | +3 others Cran
56%
Kicklee | Métamorph | Persian Echauffement
56%
Gravalanch | Grolem | Magnéti | +3 others Fermeté
56%
Akwakwak | Amonistar | Amonita | +10 others Glissade
56%
Grodoudou | Melodelfe | Mélofée | Rondoudou Joli Sourire
56%
Dracolosse Multiécaille
56%
Tygnon Poing de Fer
56%
Artikodin | Electhor | Mewtwo | +2 others Pression
56%
Excelangue | Flagadoss | Lippoutou | Ramoloss Benêt
44%
Galopa | Magmar | Ponyta | Sulfura Corps Ardent
44%
Dardargnan | Insécateur Essaim
44%
Dracaufeu | Reptincel | Salamèche Force Soleil
44%
Aspicot | Chenipan | Dodrio | +8 others Fuite
44%
Métamorph Imposteur
44%
Canarticho | Piafabec | Rapasdepic | +4 others Regard Vif
44%
Feunard | Goupix Sécheresse
44%
Gravalanch | Grolem | Racaillou | +4 others Voile Sable
44%
Voltali Absorbe-Volt
33%
Magnéti | Magnéton | Porygon | +2 others Analyste
33%
Evoli Anticipation
33%
Abra | Alakazam | Canarticho | +8 others Attention
33%
Sabelette | Sablaireau Baigne Sable
33%
Roucarnage | Roucool | Roucoups Coeur de Coq
33%
Smogo | Smogogo Gaz Inhibiteur
33%
Grotadmorv | Tadmorv Glu
33%
Krabboss | Krabby | Scarabrute Hyper Cutter
33%
Lamantine | Otaria | Ronflex Isograisse
33%
Aéromite | Mimitoss | Papilusion Lentiteintée
33%
Magnéti | Magnéton Magnépiège
33%
Leveinard | Stari | Staross Médic Nature
33%
Akwakwak | Hypocéan | Hypotrempe | +6 others Moiteur
33%
Abo | Arbok | Chrysacier | +3 others Mue
33%
Crustabri | Kokiyas Multi-Coups
33%
Mimitoss | Papilusion Oeil Composé
33%
Dodrio | Doduo | Roucarnage | +2 others Pieds Confus
33%
Voltali Pied Véloce
33%
Grotadmorv | Ortide | Smogo | +2 others Puanteur
33%
Miaouss Ramassage
33%
Dardargnan | Hypocéan | Hypotrempe | +2 others Sniper
33%
Abra | Alakazam | Kadabra | Mew Synchro
33%
Porygon Télécharge
33%
Gravalanch | Grolem | Onix | +6 others Tête de Roc
33%
Grotadmorv | Tadmorv Toxitouche
33%
Canarticho | Colossinge | Férosinge Acharné
22%
Nidoran ♀ | Nidoran ♂ | Nidorina | +3 others Agitation
22%
Machoc | Machopeur | Mackogneur Annule Garde
22%
Electrode | M.Mime | Voltorbe Anti-Bruit
22%
Kabuto | Kabutops | Ossatueur | Osselait Armurbaston
22%
Grodoudou | Rondoudou Battant
22%
Electrode | Voltorbe Boom Final
22%
Porygon Calque
22%
Akwakwak | Excelangue | Psykokwak Ciel Gris
22%
Arcanin | Caninos Coeur Noble
22%
Leveinard Coeur Soin
22%
Colossinge | Férosinge | Tauros Colérique
22%
Lamantine | Otaria Corps Gel
22%
Carabaffe | Carapuce | Tentacool | +2 others Cuvette
22%
Draco | Minidraco Ecaille Spéciale
22%
Aspicot | Aéromite | Chenipan Ecran Poudre
22%
Saquedeneu Feuille Garde
22%
Abra | Alakazam | Kadabra | +2 others Garde Magik
22%
Boustiflor | Chétiflor | Empiflor | Ronflex Gloutonnerie
22%
Léviator | Scarabrute Impudence
22%
Melodelfe Inconscient
22%
Dodrio | Doduo | Kangourex Matinal
22%
Lippoutou | Paras | Parasect Peau Sèche
22%
Taupiqueur | Triopikeur Piège Sable
22%
Paras | Parasect | Rafflésia Pose Spore
22%
Kangourex Querelleur
22%
Flagadoss | Ramoloss | Saquedeneu Régé-Force
22%
Artikodin Rideau Neige
22%
Nidoking | Nidoqueen | Nidoran ♀ | +3 others Rivalité
22%
Krabboss | Krabby | Nidoking | +2 others Sans Limite
22%
Insécateur | M.Mime | Miaouss | Persian Technicien
22%
Abo | Arbok | Mewtwo | +3 others Tension
22%
Amonistar | Amonita | Kabuto | +2 others Armurouillée
11%
Tentacool | Tentacruel Corps Sain
11%
Kicklee Délestage
11%
Colossinge | Elektek | Férosinge | Magmar Esprit Vital
11%
Taupiqueur | Triopikeur Force Sable
11%
Grodoudou Fouille
11%
Mélofée | Rondoudou Garde-Ami
11%
Aquali | Lamantine | Lokhlass | Otaria Hydratation
11%
Poissirène | Poissoroy Ignifu-Voile
11%
Insécateur | Machoc | Machopeur | Mackogneur Impassible
11%
Hypnomade | Soporifik Insomnia
11%
Noadkoko | Noeunoeuf Récolte
11%
Leveinard Sérénité
11%
Tentacool | Tentacruel Suintement
11%
Ronflex Vaccin
11%
Crustabri | Kokiyas Envelocape
0%
M.Mime Filtre
0%
Nosferalto | Nosferapti Infiltration
0%
Stari | Staross Luminescence
0%
Aéromite Peau Miracle
0%
Magicarpe Phobique
0%
Hypnomade | Lippoutou | Soporifik Prédiction
0%
Kicklee | Rhinocorne | Rhinoféros Téméraire
0%
Excelangue | Flagadoss | Ramoloss Tempo Perso
0%
Aucun quiz correspondant
Distribution des résultats
% des personnes avec chaque résultat
Percentile par nombre de réponses
Votre historique - résultats
Vous n’avez pas pris ce quiz